Ballon d'or 2021 - Statistiques

Statistiques générales
  • Ce quiz a été pris 546 fois
  • Le résultat moyen est 19 sur 30
Statistiques - réponses
Rang Joueurs Nationalité Points % Correct
1 Lionel Messi Argentine 613
100%
9 Kylian Mbappe France 58
97%
6 Cristiano Ronaldo Portugal 178
96%
2 Robert Lewandowski Pologne 580
95%
7 Mohamed Salah Egypte 121
93%
4 Karim Benzema France 239
91%
8 Kevin de Bruyne Belgique 73
90%
11 Erling Haaland Norvège 33
89%
23 Harry Kane Angleterre 4
82%
Luka Modrić Croatie 0
82%
16 Neymar Jr Brésil 9
82%
3 Jorginho Italie 460
79%
17 Luis Suárez Uruguay 8
79%
Riyad Mahrez Algérie 7
79%
5 N'Golo Kanté France 186
78%
12 Romelu Lukaku Belgique 26
77%
10 Gianluigi Donnarumma Italie 36
76%
Giorgio Chiellini Italie 26
52%
14 Leonardo Bonucci Italie 18
49%
15 Raheem Sterling Angleterre 10
46%
24 Pedri Espagne 3
43%
Simon Kjær Danemark 8
40%
25 Phil Foden Angleterre 2
38%
21 Bruno Fernandes Portugal 6
34%
Lautaro Martínez Argentine 6
33%
26 Nicolò Barella Italie 1
31%
Rúben Dias Portugal 1
29%
19 Mason Mount Angleterre 7
20%
29 César Azpilicueta Espagne 0
12%
Gerard Moreno Espagne 1
7%
Aucun quiz correspondant
Distribution des résultats
% des personnes avec chaque résultat
Percentile par nombre de réponses
Votre historique - résultats
Vous n’avez pas pris ce quiz